🪩Daft Punk Songs - Sudden Death - Statistics

General Stats
  • This quiz has been taken 93 times
  • The average score is 13 of 21
Answers on the Grid
Answers color-coded by a green-red scale on the quiz's grid according to % correct below.
Around The World
Lose Yourself to Dance
Doin' It Right
Don't Stop
The New Wave
Get Unlucky
Alive
Short Circuit
Too Short
Megatron
Music Sounds Better With You
Daftendirekt
Technologic
Feel It
Harder, Better, Faster, Stronger
Radio Rules the Nation
The Knight Club
Instant Crush
Aerodynamic
The Prime Time of Your Life
Rollin' and Scratchin'
Human After All
Revolution 606
Face to Face
Digital Love
Memories
Something About Us
Touch
Give Life Back To Music
Veridis Quo
 
Answer Stats
Answer % Correct
Digital Love
88%
Veridis Quo
87%
Around The World
80%
Harder, Better, Faster, Stronger
80%
Aerodynamic
78%
Instant Crush
78%
Lose Yourself to Dance
77%
Face to Face
73%
Touch
68%
Human After All
65%
Technologic
65%
Give Life Back To Music
62%
Short Circuit
62%
Something About Us
60%
Daftendirekt
53%
Doin' It Right
53%
Alive
52%
Rollin' and Scratchin'
50%
The Prime Time of Your Life
45%
The New Wave
20%
Music Sounds Better With You
15%
No matching quizzes found
Score Distribution
Percent of People with Each Score
Percentile by Number Answered
Your Score History
You have not taken this quiz